000 00515nam a2200181Ia 4500
001 23566
005 20260414150946.0
008 260414t2008||||xx |||||||||||||| ||spa||
041 _aESP
082 _a665.73
_bC78
100 _aCórdova Mendoza, Pedro
_eAUT
245 0 _aDeshidratación por absorción con solvente trietilenglicol y la eliminación del vapor de agua del gas natural
_b
260 _c2008
300 _a158 páginas :
_c24 cm.
650 _aTCA
654 _aCII
942 _cLIB
_dJUS
_fJUS
_2ddc
_n
999 _c23566
_d23566